| Поле | Инд. | ПП | Название | Значение |
|---|---|---|---|---|
| Тип записи | a | |||
| Библиографический уровень | a | |||
| 001 | Контрольный номер | 29f0266f46294fff91f8d845c24aa17b | ||
| 005 | Дата корректировки | 20181119143129.2 | ||
| 100 | a | Данные общей обработки | 20170926 ||| 0rusy0189 ca | |
| 101 | 0_ | a | Язык текста | rus |
| 102 | a | Страна публикации | RU | |
| 200 | 1_ | f | Первые сведения об ответственности | К.Л. Томашевский |
| a | Заглавие | Национальные законы и иные законодательные акты о труде в государствах - членах ЕАЭС: общий обзор и проблема взаимной иерархии | ||
| b | Общее обозначение материала | Электронный ресурс | ||
| 210 | d | Дата издания | 2017 | |
| 461 | _0 | 1 | 2000 | |
| a | Государство и право | |||
| 463 | _0 | 1 | 2000 | |
| 8 | ||||
| v | №7.- С. 82-89 | |||
| 1 | 2101 | |||
| d | 2017 | |||
| 1 | 001efe2de91ed80405995d6e609c6e423a2 | |||
| 610 | 0_ | a | Ключевые слова | СРАВНИТЕЛЬНОЕ ПРАВОВЕДЕНИЕ; ЕВРАЗИЙСКОЕ ЭКОНОМИЧЕСКОЕ СООБЩЕСТВО; ТРУДОВОЕ ПРАВО; ЗАКОНОДАТЕЛЬСТВО |
| 700 | _1 | a | Фамилия | Томашевский |
| b | Имя | К.Л. | ||
| 801 | _0 | a | Страна | RU |
| b | Организация | РГУП | ||
| c | Дата составления | 20170926 | ||
| g | Правила каталогизации | PSBO | ||
| 801 | _1 | a | Страна | RU |
| b | Организация | РГУП | ||
| c | Дата составления | 20170926 | ||
| g | Правила каталогизации | PSBO | ||
| 901 | t | Тип документа | b | |
| w | Контрольный № источника | efe2de91ed80405995d6e609c6e423a2 | ||
| 905 | a | Дата ввода | 20181030 |